000 00223nam a22001097a 4500
082 _a494
_bSOM/P
245 _aPRABHU STHUTHY
260 _aDELHI
_bSOM SUDHA PRAKASHAN
300 _a64
650 _aSTHUTHY
_zDELHI
942 _cBK
999 _c4602
_d4602